00942nam a2200229Ia 4500008004100000020001800041082002100059100004000080245010400120250001100224260003400235300001600269337001000285338001400295339001200309505011600321650002300437942001200460952012000472952010300592999001700695120622s9999 xx 000 0 und d a970-07-5787-0 a340.1 G216i 2005 aGarcía Máynez, Eduardoe, autor aIntroducción al estudio del derecho c/ Eduardo García Máynez ; prol. de Virgilio Domínguez a58a.ed aMéxico b: Porrúac, 2005 axxx, 444 p. atexto asin medio avolumen aLa noción del derecho. Las diciplinas juridicas. Los conceptos juridicos fundamentales. La tecnica juridica. 14aTEORIA DEL DERECHO 2ddccLB 00102ddc4070a22b22d2009-01-16l66m12o340.1 G216i 2005p01 011456r2019-12-02s2019-12-02t1w2012-06-24yLB 00102ddc4070a01b01d2015-06-02l0o340.1 G216i 2005p01 002972r2015-06-02t2w2015-06-02yLB c60656d60656